000
00220nam a2200097Ia 4500
005
20251222114354.0
008
251222s1900||||xx |||||||||||||| ||spa||
082
_a
DVD0050/B37
245
0
_a
Guardianes del día:
942
_c
DVD
999
_c
1370
_d
1370